Microbial biotechnology (Record no. 395728)

MARC details
000 -LEADER
fixed length control field 00608 a2200229 4500
005 - DATE & TIME
control field 20260121102852.0
008 - FIXED-LENGTH DATA ELEMENTS--GENERAL INFORMATION
fixed length control field 260120b |||||||| |||| 00| 0 eng d
020 ## - ISBN
International Standard Book Number 9788172331535
Price Rs. 3550.00
040 ## - CATALOGING SOURCE
Original cataloging agency VIVEKANANDA LIBRARY
082 ## - DDC NUMBER
Classification number 660.6024576
Book Number R246M
100 ## - MAIN ENTRY--PERSONAL NAME
Personal name Reddy, S M, ed.
245 ## - TITLE STATEMENT
Title Microbial biotechnology
260 ## - PUBLICATION, DISTRIBUTION, ETC. (IMPRINT)
Name of publisher, distributor, etc Scientific Publishers
Date of publication, distribution, etc 2024
Place of publication, distribution, etc Jodhpur
300 ## - PHYSICAL DESCRIPTION
Pages xxviii, 257
650 ## - Subject
Subject Microbial
650 ## - Subject
Subject Biotechnology
650 ## - Subject
Subject Bioinoculauts
700 ## - Added Entry Personal Name
Added Entry Personal Name Srivastava, H P, ed.
700 ## - Added Entry Personal Name
Added Entry Personal Name Purohit, D K, ed.
700 ## - Added Entry Personal Name
Added Entry Personal Name Reddy, S Ram, ed.
942 ## - ADDED ENTRY ELEMENTS (KOHA)
Koha item type Books
Holdings
Withdrawn status Lost status Source of classification or shelving scheme Damaged status Not for loan Location (home branch) Sublocation or collection (holding branch) Shelving location Date acquired Koha issues (times borrowed) Koha full call number Accession No. Koha date last seen Koha item type
    Dewey Decimal Classification     VIVEKANANDA LIBRARY VIVEKANANDA LIBRARY Vivekananda Library 05/01/2026   660.6024576 R246M 444206 05/01/2026 Books
© Designed and Maintained by Vivekananda Library, MDU Rohtak